The end of the tour / (Record no. 202871)
[ view plain ]
| 000 -LEADER | |
|---|---|
| fixed length control field | 03608cgm a2200721Ii 4500 |
| 001 - CONTROL NUMBER | |
| control field | ocn921892782 |
| 003 - CONTROL NUMBER IDENTIFIER | |
| control field | OCoLC |
| 005 - DATE AND TIME OF LATEST TRANSACTION | |
| control field | 20241220164607.0 |
| 007 - PHYSICAL DESCRIPTION FIXED FIELD--GENERAL INFORMATION | |
| fixed length control field | vd cvaizq |
| 008 - FIXED-LENGTH DATA ELEMENTS--GENERAL INFORMATION | |
| fixed length control field | 150922s2015 xxu106 vleng d |
| 040 ## - CATALOGING SOURCE | |
| Original cataloging agency | TEFMT |
| Language of cataloging | eng |
| Description conventions | rda |
| Transcribing agency | TEFMT |
| Modifying agency | OCLCO |
| -- | TEF |
| -- | MR0 |
| -- | OCLCO |
| -- | UINTA |
| 024 1# - OTHER STANDARD IDENTIFIER | |
| Standard number or code | 031398227748 |
| 028 42 - PUBLISHER NUMBER | |
| Publisher number | 47601 |
| Source | A24 |
| 035 ## - SYSTEM CONTROL NUMBER | |
| System control number | (OCoLC)921892782 |
| 041 1# - LANGUAGE CODE | |
| Language code of text/sound track or separate title | eng |
| -- | eng |
| -- | spa |
| Language code of original and/or intermediate translations of text | eng |
| 050 #4 - LIBRARY OF CONGRESS CALL NUMBER | |
| Classification number | PN1997.2 |
| Item number | .E43 2015 |
| 082 04 - DEWEY DECIMAL CLASSIFICATION NUMBER | |
| Classification number | 791.43/72 |
| Edition number | 23 |
| 049 ## - LOCAL HOLDINGS (OCLC) | |
| Holding library | UCLB |
| 245 04 - TITLE STATEMENT | |
| Title | The end of the tour / |
| Statement of responsibility, etc | produced by A24 ; screenplay by Donald Margulies ; directed by James Ponsoldt. |
| 264 #1 - Production, Publication, Distribution, Manufacture, and Copyright Notice. | |
| Place of production, publication, distribution, manufacture | [United States] : |
| Name of producer, publisher, distributor, manufacturer | Lionsgate, |
| Date of production, publication, distribution, manufacture, or copyr | [2015] |
| 300 ## - PHYSICAL DESCRIPTION | |
| Extent | 1 videodisc (106 min.) : |
| Other physical details | sound, color ; |
| Dimensions | 4 3/4 in. |
| 336 ## - Content Type | |
| Content type term | two-dimensional moving image |
| 337 ## - Media type | |
| Media type term | video |
| 338 ## - Carrier type | |
| Carrier type term | videodisc |
| 340 ## - PHYSICAL MEDIUM | |
| Material base and configuration | DVD video |
| Dimensions | 4 3/4 in. |
| -- | rda |
| 344 ## - | |
| -- | digital |
| -- | optical |
| -- | 5.1 surround |
| -- | Dolby digital |
| -- | rda |
| 345 ## - | |
| -- | widescreen (2.40:1) |
| -- | rda |
| 346 ## - | |
| -- | DVD-video |
| -- | NTSC |
| -- | rda |
| 347 ## - | |
| -- | video file |
| -- | DVD video |
| -- | region 1 |
| -- | rda |
| 380 ## - | |
| -- | Motion picture. |
| 538 ## - SYSTEM DETAILS NOTE | |
| System details note | DVD ; widescreen (2.40:1) presentation ; Dolby digital 5.1 surround. |
| 546 ## - LANGUAGE NOTE | |
| Language note | In English, with optional subtitles in English or Spanish. |
| 546 ## - LANGUAGE NOTE | |
| Language note | Closed-captioned. |
| 511 1# - PARTICIPANT OR PERFORMER NOTE | |
| Participant or performer note | Jesse Eisenberg, Jason Segel, Anna Chlumsky, Mamie Gummer, Joan Cusack, Ron Livingston, Mickey Sumner. |
| 508 ## - CREATION/PRODUCTION CREDITS NOTE | |
| Creation/production credits note | Music, Danny Elfman ; editor, Darrin Navarro ; director of photography, Jakob Ihre. |
| 500 ## - GENERAL NOTE | |
| General note | Based on the book "Although of course you end up becoming yourself: a road trip with David Foster Wallace" by David Lipsky. |
| 500 ## - GENERAL NOTE | |
| General note | Widescreen. |
| 500 ## - GENERAL NOTE | |
| General note | DVD release of the 2015 motion picture. |
| 521 8# - TARGET AUDIENCE NOTE | |
| Target audience note | MPAA rating: R; for language including some sexual references. |
| 520 ## - SUMMARY, ETC. | |
| Summary, etc | The story of the five-day interview between Rolling Stone reporter David Lipsky and acclaimed novelist David Foster Wallace, right after the publication of Wallace's groundbreaking epic novel, 'Infinite jest.' Based on David Lipsky's critically-acclaimed memoir "Although of course you end up becoming yourself: a road trip with David Foster Wallace." |
| 500 ## - GENERAL NOTE | |
| General note | Special features: Deleted scenes ; audio commentary with director James Ponsoldt, writer Donald Margulies & actor Jason Segel ; a conversation with composer Danny Elfman ; behind the tour. |
| 600 10 - SUBJECT ADDED ENTRY--PERSONAL NAME | |
| Personal name | Wallace, David Foster |
| Form subdivision | Drama. |
| 9 (RLIN) | 6534974 |
| 600 10 - SUBJECT ADDED ENTRY--PERSONAL NAME | |
| Personal name | Lipsky, David, |
| Dates associated with a name | 1965- |
| Form subdivision | Drama. |
| 9 (RLIN) | 6534975 |
| 650 #0 - SUBJECT ADDED ENTRY--TOPICAL TERM | |
| Topical term or geographic name as entry element | Authors, American |
| Chronological subdivision | 20th century |
| Form subdivision | Drama. |
| 9 (RLIN) | 5802232 |
| 650 #0 - SUBJECT ADDED ENTRY--TOPICAL TERM | |
| Topical term or geographic name as entry element | Reporters and reporting |
| Chronological subdivision | 20th century |
| Form subdivision | Drama. |
| 9 (RLIN) | 6534976 |
| 650 #0 - SUBJECT ADDED ENTRY--TOPICAL TERM | |
| Topical term or geographic name as entry element | Friendship |
| Form subdivision | Drama. |
| 9 (RLIN) | 5682261 |
| 650 #0 - SUBJECT ADDED ENTRY--TOPICAL TERM | |
| Topical term or geographic name as entry element | Fame |
| Form subdivision | Drama. |
| 9 (RLIN) | 6470858 |
| 655 #7 - INDEX TERM--GENRE/FORM | |
| Genre/form data or focus term | Feature films. |
| Source of term | lcgft |
| 655 #7 - INDEX TERM--GENRE/FORM | |
| Genre/form data or focus term | Biographical films. |
| Source of term | lcgft |
| 9 (RLIN) | 102649 |
| 655 #7 - INDEX TERM--GENRE/FORM | |
| Genre/form data or focus term | Road films. |
| Source of term | lcgft |
| 9 (RLIN) | 5748334 |
| 655 #7 - INDEX TERM--GENRE/FORM | |
| Genre/form data or focus term | Film adaptations. |
| Source of term | lcgft |
| 655 #7 - INDEX TERM--GENRE/FORM | |
| Genre/form data or focus term | Video recordings for the hearing impaired. |
| Source of term | lcgft |
| 700 1# - ADDED ENTRY--PERSONAL NAME | |
| Personal name | Ponsoldt, James, |
| Relator term | film director. |
| 9 (RLIN) | 5878395 |
| 700 1# - ADDED ENTRY--PERSONAL NAME | |
| Personal name | Margolies, Donald, |
| Relator term | screenwriter. |
| 9 (RLIN) | 6534977 |
| 700 1# - ADDED ENTRY--PERSONAL NAME | |
| Personal name | Eisenberg, Jesse, |
| Dates associated with a name | 1983- |
| Relator term | actor. |
| 9 (RLIN) | 69172 |
| 700 1# - ADDED ENTRY--PERSONAL NAME | |
| Personal name | Segel, Jason, |
| Dates associated with a name | 1979- |
| Relator term | actor. |
| 9 (RLIN) | 59121 |
| 700 1# - ADDED ENTRY--PERSONAL NAME | |
| Personal name | Chlumsky, Anna, |
| Relator term | actor. |
| 9 (RLIN) | 63173 |
| 700 1# - ADDED ENTRY--PERSONAL NAME | |
| Personal name | Gummer, Mamie, |
| Dates associated with a name | 1983- |
| Relator term | actor. |
| 9 (RLIN) | 6215456 |
| 700 1# - ADDED ENTRY--PERSONAL NAME | |
| -- | Motion picture adaptation of (work): |
| Personal name | Lipsky, David, |
| Dates associated with a name | 1965- |
| Title of a work | Although of course you end up becoming yourself. |
| 9 (RLIN) | 6534978 |
| 710 2# - ADDED ENTRY--CORPORATE NAME | |
| Corporate name or jurisdiction name as entry element | A24 Media, |
| Relator term | production company. |
| 9 (RLIN) | 6264942 |
| 710 2# - ADDED ENTRY--CORPORATE NAME | |
| Corporate name or jurisdiction name as entry element | Lions Gate Entertainment (Firm), |
| Relator term | publisher. |
| 9 (RLIN) | 5675069 |
| 994 ## - | |
| -- | C0 |
| -- | UINTA |
| Withdrawn status | Lost status | Source of classification or shelving scheme | Damaged status | Not for loan | Collection code | Home library | Current library | Shelving location | Date acquired | Source of acquisition | Cost, normal purchase price | Total Checkouts | Total Renewals | Full call number | Barcode | Date last seen | Date checked out | Cost, replacement price | Price effective from | Koha item type |
|---|---|---|---|---|---|---|---|---|---|---|---|---|---|---|---|---|---|---|---|---|
| Dewey Decimal Classification | Movies | Wasatch County Library | Wasatch County Library | Audio Visual Area | 11/09/2015 | Amazon | 15.95 | 17 | 2 | DVD End | 34301001450792 | 03/07/2024 | 01/06/2024 | 15.95 | 03/20/2020 | DVD |
